Egyiptom turizmusa és a terrorizmus hatása

Bibliographic Details
Main Author: Kiss Adrienn
Other Authors: Schultz Éva
Format: Thesis
Kulcsszavak:Egyiptom
Egyiptom turizmusa
Terrorizmus
Terrorizmus hatása
"Arab Tavasz"
Online Access:http://dolgozattar.uni-bge.hu/9966

MARC

LEADER 00000nta a2200000 i 4500
001 dolg9966
005 20170524132048.0
008 170420suuuu hu om 000 hun d
040 |a BGE Dolgozattár Repozitórium  |b hun 
041 |a hu 
100 1 |a Kiss Adrienn 
245 1 0 |a Egyiptom turizmusa és a terrorizmus hatása  |c Kiss Adrienn  |h [elektronikus dokumentum] 
246 1 1 |a Egyiptom turizmusa és a terrorizmus hatása 
246 1 1 |a The tourism of Egypt and the effect of terrorism. 
695 |a Egyiptom 
695 |a Egyiptom turizmusa 
695 |a Terrorizmus 
695 |a Terrorizmus hatása 
695 |a "Arab Tavasz" 
700 1 |a Schultz Éva  |e ths 
856 4 0 |u http://dolgozattar.uni-bge.hu/9966/1/Egyiptom%20turizmusa%20%C3%A9s%20a%20terrorizmus%20hat%C3%A1sa%20-%20Kiss%20Adrienn%20szakdolgozat%20-%20H503TA.pdf  |z Dokumentum-elérés